Zodpovednosť v medzinárodnom práve

Gespeichert in:
Bibliographische Detailangaben
1. Verfasser: Kolosov, Jurij Michajlovič
Format: Buch
Sprache:Slowakisch
Veröffentlicht: Bratislava Pravda 1978
Tags: Tag hinzufügen
Keine Tags, Fügen Sie das erste Tag hinzu!

MARC

LEADER 00000nam a2200000 4500
001 c119522
005 20250522113550.2
041 0 |a slo 
044 |a SK 
245 1 0 |a Zodpovednosť v medzinárodnom práve  |c Jurij Michajlovič Kolosov 
264 1 |a Bratislava  |b Pravda  |c 1978 
300 |a 259 s. 
100 1 |a Kolosov, Jurij Michajlovič